Dans quelle commune se trouve ce monument ? - Statistiques

Statistiques générales
  • Ce quiz a été pris 20 fois
  • Le résultat moyen est 9 sur 70
Statistiques - réponses
Par images Hint Réponse % Correct
Edicule Paris
95%
Chambre de commerce Lille
75%
Monument Verdun
55%
Cité Marseille
50%
Hôtel Cannes
45%
Commune La Grande Motte
45%
Quartier Nanterre
45%
Palais Nice
35%
Piscine Roubaix
35%
Gare Toulouse
30%
Arènes Dax
25%
Ossuaire Douaumont
25%
Basilique Lisieux
25%
Base sous-marine Lorient
25%
Sanctuaire Lourdes
25%
Voie d'essai Orléans
25%
Cathédrale Evry
20%
Commune Le Cap d'Agde
20%
Ecole Bordeaux
15%
Eglise Brest
15%
Eglise Le Havre
15%
Maison Chartres
10%
Eglse Firminy
10%
Opéra Marseille
10%
Station de ski Méribel
10%
Eglise Paris
10%
Radôme Pleumeur-Bodou
10%
Mémorial Beaumont-Hamel
5%
Hôtel des postes Chartres
5%
Immeuble Dijon
5%
Club-house Dinard
5%
Palais Hauterives
5%
Four solaire Mont-Louis
5%
Monument Nantes
5%
Eglise Paris
5%
Chapelle Reims
5%
Plan incliné Saint-Louis-Arzviller
5%
Place Toul
5%
Cirque Troyes
5%
Gare Belfort
0%
Usine Besançon
0%
Eglise Caen
0%
Lycée Chalon-sur-Saône
0%
Rotonde Chambéry
0%
Eglise Dole
0%
Tranchée Douaumont
0%
Stade Fumel
0%
Monument aux morts Lamentin
0%
Station de ski La Plagne
0%
Eglise Lens
0%
Immeuble Le Puy
0%
Carillon Miribel
0%
Station de ski Morzine
0%
Camp de concentration Natzweiler
0%
Eglise Nevers
0%
Eglise Oradour-sur-Glane
0%
Usine électrique Oyonnax
0%
Eglise Paris
0%
Théâtre Quimper
0%
Maison Rochefort
0%
Chapelle Ronchamp
0%
Château d'eau Rouen
0%
Viaduc Saint-Amandin
0%
Temple Saintes
0%
Gare Saint-Quentin
0%
Phare Sète
0%
Mémorial Thiepval
0%
Jardins Trédarzec
0%
Hôtel de ville Vichy
0%
Petit séminaire Voreppe
0%
Aucun quiz correspondant
Distribution des résultats
% des personnes avec chaque résultat
Percentile par nombre de réponses
Votre historique - résultats
Vous n’avez pas pris ce quiz